All MLB Teams - Sudden Death - Statistics

General Stats
  • This quiz has been taken 56 times
  • The average score is 22 of 30
Answers on the Grid
Answers color-coded by a green-red scale on the quiz's grid according to % correct below.
Arizona Diamondbacks
Athletics
Atlanta Braves
Baltimore Orioles
Bismark Bisons
Boston Orioles
Boston Red Sox
Chicago Cubs
Chicago Hornets
Chicago White Sox
Cincinnati Reds
Cleveland Guardians
Colorado Rockies
Dallas Cowboys
Denver Broncos
Detroit Tigers
Frankfurt Brewers
Houston Astros
Kansas City Royals
Los Angeles Angels
Los Angeles Dodgers
Miami Marlins
Miami Rays
Milwaukee Brewers
Milwaukee Cardinals
Minnesota Twins
New York Dodgers
New York Mets
New York Yankees
Ontario Snowflakes
Philadelphia Phillies
Pittsburgh Pirates
Salem Woodcutters
San Diego Dolphins
San Diego Padres
San Francisco Giants
San Francisco Sailers
San Jose Giants
Seattle Mariners
St. Louis Cardinals
Tampa Bay Rays
Texas Rangers
Toronto Blue Jays
Washington Jets
Washington Nationals
 
Answer Stats
Answer % Correct
Arizona Diamondbacks
95%
Athletics
89%
Atlanta Braves
87%
Baltimore Orioles
87%
Chicago Cubs
82%
Boston Red Sox
79%
Chicago White Sox
79%
Cincinnati Reds
79%
Colorado Rockies
79%
Houston Astros
79%
Kansas City Royals
79%
Los Angeles Dodgers
79%
Detroit Tigers
76%
Los Angeles Angels
74%
Miami Marlins
74%
Cleveland Guardians
68%
New York Mets
68%
Milwaukee Brewers
66%
Minnesota Twins
63%
New York Yankees
63%
Philadelphia Phillies
63%
Pittsburgh Pirates
63%
San Francisco Giants
63%
Seattle Mariners
63%
St. Louis Cardinals
63%
Tampa Bay Rays
63%
Toronto Blue Jays
63%
Washington Nationals
63%
San Diego Padres
61%
Texas Rangers
61%
No matching quizzes found
Score Distribution
Percent of People with Each Score
Percentile by Number Answered
Your Score History
You have not taken this quiz